Programovanie vybraných úloh v rámci Lokálneho analyzačného centra SUT
Uložené v:
| Hlavný autor: | |
|---|---|
| Ďalší autori: | |
| Médium: | Rukopis Kniha |
| Jazyk: | Slovak |
| Vydavateľské údaje: |
Bratislava :
STU v Bratislave SvF,
2012
|
| Predmet: | |
| On-line prístup: | VAIS |
| Tagy: |
Žiadne tagy, Buďte prvý, kto otaguje tento záznam!
|
MARC
| LEADER | 00000ntm a22000003a 4500 | ||
|---|---|---|---|
| 001 | stu251792 | ||
| 005 | 20150617230226.1 | ||
| 008 | 120720s2012----xo------------------slo-d | ||
| 040 | |a STU |b slo | ||
| 041 | 0 | |a slo | |
| 044 | |a xo | ||
| 100 | 1 | |a Mináriková, Martina, |d 1987- |4 aut |u V130 |U SvF Stavebná fakulta |T SvF Katedra geodetických základov |X 38784 |U V130 |Y 13 |7 A000038784 | |
| 242 | 0 | 0 | |a Programming of selected tasks in the framework of the Local analysis centre of SUT |y eng |
| 245 | 1 | |a Programovanie vybraných úloh v rámci Lokálneho analyzačného centra SUT | |
| 260 | |a Bratislava : |b STU v Bratislave SvF, |c 2012 | ||
| 650 | 7 | |a geodézia a kartografia |2 stusub | |
| 650 | 7 | |a Geodesy and Cartography |2 estusub | |
| 650 | 7 | |a data processing |2 estusub | |
| 650 | 7 | |a server |2 stusub | |
| 650 | 7 | |a server |2 estusub | |
| 650 | 7 | |a programming |2 estusub | |
| 650 | 7 | |a spracovanie dát |2 stusub | |
| 650 | 7 | |a programovací jazyk |2 stusub | |
| 650 | 7 | |a program |2 stusub | |
| 650 | 7 | |a server |2 stusub | |
| 650 | 7 | |a server |2 estusub | |
| 650 | 7 | |a programovanie |2 stusub | |
| 700 | 1 | |a Igondová, Miroslava, |d 1978- |4 ths |u V130 |U SvF Stavebná fakulta |T SvF Katedra geodetických základov |X 713 |U V130 |Y 13 |7 A000000713 | |
| 856 | 4 | |a info a plný text |u http://is.stuba.sk/zp/portal_zp.pl?podrobnosti=84420 |3 VAIS | |